00594nam a22002057a 450000500170000001000130001702000100003003500130004003700160005304000120006908200150008110000310009624500910012726000420021827000430026030000210030350000200032465000240034465000200036820170124110048.0 aA-297139 c00.00 aA-297139 bCen Lib/Ret aDPLbEN a880.8bMUR aMurti, K.V. Suryanarayana  aKohinoor in the crown :cby K.V. Suryanarayana bcritical studies in Indian english / aNew DelhibSterling publishers c1987 bNew DelhiaL-10, Green park extention  a193p. c20cm(Hb) aIncludes index  aEnglish literature  aCritical study